| 000 | 00412nam a2200157Ia 4500 | ||
|---|---|---|---|
| 008 | 210210b1972 xxu||||| |||| 00| 0 eng d | ||
| 082 | _a546 SURT | ||
| 100 | _aSURATKAR (T S) & others. | ||
| 245 | _aThemes in inorganic chemistry. Ed 4. | ||
| 250 | _a | ||
| 260 |
_aPoona _bIdeal Book Service _c1972 |
||
| 300 | _avi,306 | ||
| 650 | _aInorganic Chemistry | ||
| 690 | _aInorganic Chemistry | ||
| 906 | _aCC00138 | ||
| 999 |
_c109461 _d109461 |
||